000
00468nam a2200181Ia 4500
008
090711s9999 xx 000 0 und d
082
_b
43612
100
_a
ओशो रजनीश
245
_a
जिनसूत्र
260
_c
1976
300
_a
71
600
_a
ओशो रजनीश
630
_a
जिनसूत्र
700
_a
ओशो
700
_a
ओशो रजनीश
730
_a
जिनसूत्र
942
_c
BOOK
999
_c
285654
_d
285654